Seis años de revolución en el INSSBI

Wedi'i Gadw mewn:
Manylion Llyfryddiaeth
Awdur Corfforaethol: Instituto Nicaragüense de Seguridad Social y Bienestar
Fformat: Texto
Cyhoeddwyd: Managua: Instituto Nicaragüense de Seguridad Social y Bienestar
Tagiau: Ychwanegu Tag
Dim Tagiau, Byddwch y cyntaf i dagio'r cofnod hwn!

MARC

LEADER 00000 a a2200000 04500
001 21325
003
040
090 |a 093400  
110 |a Instituto Nicaragüense de Seguridad Social y Bienestar  
245 |a Seis años de revolución en el INSSBI  
260 |a Managua:   |b Instituto Nicaragüense de Seguridad Social y Bienestar  
300 |a 34 p.  
999 |c 6378  |d 6378